000 00427nam a2200193Ia 4500
003 0100
008 130303s9999 xx 000 0 und d
040 _cARRUPELIB
050 _aK487.L5L461991
100 _aLeoni, Bruno
245 _aFreedom and the law
250 _a3d
260 _aIndianapolis IN
260 _bLiberty Fund
260 _C1991
300 _a258p
700 _aforeword by Arthur Kemp
942 0 0 _01
999 _c20098
_d20098